000
00319nam a2200145Ia 4500
005
20251020182614.0
008
200515s9999 xx 000 0 und d
082
_a
SC/691.4/C42
110
_a
Celina
245
0
_a
CerĂ¡micos Celina y Novacel
260
_a
Lima
260
_c
s.a.
650
_a
CERAMICOS
942
_c
LIB
999
_c
3451
_d
3451